[Event "Vladivostok-ch"]
[Site "Vladivostok"]
[Date "2010.10.19"]
[Round "5"]
[White "Kopaev, Pavel"]
[Black "Shelep, Konstantin"]
[Result "1-0"]
[WhiteElo "2091"]
[BlackElo "2031"]
[PlyCount "42"]
[EventDate "2010.10.15"]
[EventType "swiss"]
[EventRounds "9"]
[EventCountry "RUS"]
[SourceTitle "EXT 2022"]
[Source "ChessBase"]
[SourceDate "2021.10.06"]
[SourceVersion "1"]
[SourceVersionDate "2021.10.06"]
[SourceQuality "1"]

1. d4 Nf6 2. Nf3 d6 3. c4 Nbd7 4. Nc3 e5 5. dxe5 dxe5 6. Bg5 c6 7. a3 Qc7 8. e4 Be7 9. Be2 a5 10. 0-0 Nc5 11. Qc2 Bg4 12. b4 Ne6 13. c5 Bxf3 14. Bxf6 Bxe2 15. Bxe7 Bxf1 16. Bd6 Qd8 17. Rxf1 axb4 18. axb4 Qg5 19. b5 Rd8 20. bxc6 bxc6 21. Qa4 Nd4 1-0

[Event "Vladivostok U20 op"]
[Site "Vladivostok"]
[Date "2010.09.28"]
[Round "9"]
[White "Kopaev, Pavel"]
[Black "Kapkan, Evgeniy"]
[Result "1-0"]
[WhiteElo "2091"]
[BlackElo "2028"]
[PlyCount "49"]
[EventDate "2010.09.20"]
[EventType "swiss"]
[EventRounds "9"]
[EventCountry "RUS"]
[SourceTitle "CBM 138 Extra"]
[Source "ChessBase"]
[SourceDate "2010.10.29"]
[SourceVersion "1"]
[SourceVersionDate "2010.10.29"]
[SourceQuality "1"]

1. e4 c5 2. Nf3 e6 3. d4 cxd4 4. Nxd4 Nf6 5. Nc3 d6 6. Be2 a6 7. 0-0 Be7 8. Be3 b5 9. a3 0-0 10. f4 Bb7 11. Bd3 Nc6 12. Qe2 Qc7 13. Nb3 Na5 14. Nxa5 Qxa5 15. g4 Qc7 16. g5 Nd7 17. Qh5 Nc5 18. Rf3 h6 19. gxh6 g6 20. h7+ Kg7 21. Rg3 Rh8 22. Bd4+ Bf6 23. e5 dxe5 24. fxe5 Be7 25. Rxg6+ 1-0

[Event "Vladivostok U20 op"]
[Site "Vladivostok"]
[Date "2010.09.22"]
[Round "3"]
[White "Yun, Svetomir"]
[Black "Kopaev, Pavel"]
[Result "1/2-1/2"]
[WhiteElo "2081"]
[BlackElo "2091"]
[PlyCount "98"]
[EventDate "2010.09.20"]
[EventType "swiss"]
[EventRounds "9"]
[EventCountry "RUS"]
[SourceTitle "CBM 138 Extra"]
[Source "ChessBase"]
[SourceDate "2010.10.29"]
[SourceVersion "1"]
[SourceVersionDate "2010.10.29"]
[SourceQuality "1"]

1. e4 e5 2. Nf3 Nc6 3. Bb5 d6 4. d4 exd4 5. Nxd4 Bd7 6. Nc3 Nf6 7. 0-0 Be7 8. Bg5 Ne5 9. Nf5 0-0 10. Nxe7+ Qxe7 11. Nd5 Qd8 12. Bxd7 Nexd7 13. Qd4 h6 14. Nxf6+ Nxf6 15. Bxf6 Qxf6 16. Qxf6 gxf6 17. Rad1 Rfe8 18. f3 Re5 19. Rd5 Rae8 20. Rfd1 Kg7 21. Kf2 f5 22. Rxe5 Rxe5 23. exf5 Rxf5 24. Rd4 Rb5 25. b3 d5 26. Ke3 Rc5 27. Kd3 a5 28. a4 Kf6 29. h4 Ke5 30. g4 b5 31. axb5 Rxb5 32. f4+ Ke6 33. h5 f6 34. Ra4 c5 35. Ra3 Rb4 36. f5+ Ke5 37. Rxa5 Rxg4 38. Rxc5 Rg3+ 39. Ke2 Kd6 40. Ra5 Rg5 41. c4 dxc4 42. bxc4 Rxh5 43. Kf3 Rh1 44. c5+ Kd5 45. c6+ Kxc6 46. Ra6+ Kd5 47. Rxf6 Ke5 48. Kg2 Kxf6 49. Kxh1 Kxf5 1/2-1/2

[Event "Vladivostok U20 op"]
[Site "Vladivostok"]
[Date "2010.09.20"]
[Round "1"]
[White "Telenok, Grigoriy"]
[Black "Kopaev, Pavel"]
[Result "0-1"]
[WhiteElo "1789"]
[BlackElo "2091"]
[PlyCount "132"]
[EventDate "2010.09.20"]
[EventType "swiss"]
[EventRounds "9"]
[EventCountry "RUS"]
[SourceTitle "CBM 138 Extra"]
[Source "ChessBase"]
[SourceDate "2010.10.29"]
[SourceVersion "1"]
[SourceVersionDate "2010.10.29"]
[SourceQuality "1"]

1. e4 c5 2. c3 d5 3. exd5 Qxd5 4. d4 e6 5. Nf3 Nf6 6. Bf4 Nc6 7. Be2 cxd4 8. cxd4 Bb4+ 9. Nc3 Qa5 10. Qd3 Nd5 11. Bd2 Bd7 12. 0-0 Rd8 13. a3 Nxc3 14. bxc3 Be7 15. Qe4 Qd5 16. Qg4 Bf6 17. Qg3 0-0 18. Bd3 Qh5 19. Rab1 Bc8 20. Qf4 e5 21. dxe5 Bxe5 22. Nxe5 Qxe5 23. Bc2 Qe2 24. Rbd1 Qg4 25. Be3 Qxf4 26. Bxf4 Rxd1 27. Rxd1 Rd8 28. Rxd8+ Nxd8 29. Kf1 Kf8 30. Ke2 h6 31. Ke3 Ke7 32. Ke4 Bd7 33. g3 Bc6+ 34. Kd3 Ne6 35. Be3 a6 36. Bb3 Kd6 37. Bd1 Nc5+ 38. Bxc5+ Kxc5 39. Bb3 Bb5+ 40. Ke4 Bc4 41. Bc2 Be6 42. Bd3 a5 43. Ke5 Bc4 44. Be4 b5 45. f4 Be2 46. Bd5 f6+ 47. Ke6 Bg4+ 48. f5 Bxf5+ 49. Kxf5 Kxd5 50. Kg6 Kc4 51. Kxg7 Kxc3 52. Kxf6 b4 53. axb4 axb4 54. Kg6 b3 55. Kxh6 b2 56. h4 b1Q 57. g4 Qb6+ 58. Kg5 Qd8+ 59. Kh5 Qh8+ 60. Kg5 Qg7+ 61. Kh5 Kd4 62. g5 Ke5 63. Kg4 Qd7+ 64. Kh5 Kf5 65. Kh6 Qe6+ 66. Kh5 Qg6# 0-1

[Event "Vladivostok op-B"]
[Site "Vladivostok"]
[Date "2010.08.12"]
[Round "9"]
[White "Aksenov, Anton"]
[Black "Kopaev, Pavel"]
[Result "1-0"]
[WhiteElo "1988"]
[BlackElo "2122"]
[PlyCount "39"]
[EventDate "2010.08.04"]
[EventType "swiss"]
[EventRounds "9"]
[EventCountry "RUS"]
[SourceTitle "EXT 2011"]
[Source "ChessBase"]
[SourceDate "2010.11.26"]
[SourceVersion "1"]
[SourceVersionDate "2010.11.26"]
[SourceQuality "1"]

1. e4 c5 2. c3 d6 3. d4 cxd4 4. cxd4 Nf6 5. Nc3 e6 6. Nf3 d5 7. e5 Nfd7 8. Bd3 Nc6 9. 0-0 Be7 10. Be3 h6 11. Re1 Bg5 12. Nxg5 hxg5 13. Nb5 f6 14. Nd6+ Ke7 15. Bxg5 fxg5 16. Qg4 Qf8 17. Qxg5+ Nf6 18. Nxc8+ Rxc8 19. exf6+ Qxf6 20. Qxd5 1-0

[Event "Primorie-ch U20 op"]
[Site "Vladivostok"]
[Date "2009.09.30"]
[Round "8"]
[White "Yun, Svetomir"]
[Black "Kopaev, Pavel"]
[Result "1/2-1/2"]
[WhiteElo "2034"]
[BlackElo "2123"]
[PlyCount "97"]
[EventDate "2009.09.23"]
[EventType "swiss"]
[EventRounds "9"]
[EventCountry "RUS"]
[SourceTitle "EXT 2022"]
[Source "ChessBase"]
[SourceDate "2021.10.06"]
[SourceVersion "1"]
[SourceVersionDate "2021.10.06"]
[SourceQuality "1"]

1. e4 e5 2. Nf3 Nc6 3. Bc4 Nf6 4. d3 Bc5 5. c3 0-0 6. Bb3 h6 7. 0-0 d6 8. h3 Bb6 9. Re1 Re8 10. Nbd2 a6 11. Nc4 Ba7 12. Ne3 Na5 13. Bc2 c5 14. Nh2 b5 15. b3 c4 16. dxc4 bxc4 17. b4 Bxe3 18. Bxe3 Nc6 19. Ng4 Nxg4 20. hxg4 Be6 21. Qf3 Qh4 22. Qh3 Qxg4 23. Qxg4 Bxg4 24. f3 Be6 25. Ba4 Rac8 26. Red1 Red8 27. Rd2 d5 28. Bb6 Rd7 29. exd5 Rxd5 30. Rxd5 Bxd5 31. Rd1 Be6 32. Bxc6 Rxc6 33. Bc5 Bf5 34. Rd8+ Kh7 35. Rd5 f6 36. a4 Kg6 37. b5 axb5 38. axb5 Be6 39. Rxe5 fxe5 40. bxc6 Bc8 41. Kf2 Kf7 42. Ke3 g5 43. Ke4 Ke6 44. Bf8 h5 45. Bg7 Kd6 46. Bxe5+ Kxc6 47. Bf6 g4 48. fxg4 Bxg4 49. g3 1/2-1/2

[Event "Primorie-ch U20 op"]
[Site "Vladivostok"]
[Date "2009.09.26"]
[Round "4"]
[White "Kopaev, Pavel"]
[Black "Ibraev, Valeriy"]
[Result "0-1"]
[WhiteElo "2123"]
[BlackElo "1720"]
[PlyCount "74"]
[EventDate "2009.09.23"]
[EventType "swiss"]
[EventRounds "9"]
[EventCountry "RUS"]
[SourceTitle "EXT 2022"]
[Source "ChessBase"]
[SourceDate "2021.10.06"]
[SourceVersion "1"]
[SourceVersionDate "2021.10.06"]
[SourceQuality "1"]

1. e4 c5 2. Nf3 e6 3. d4 cxd4 4. Nxd4 Nc6 5. Nc3 a6 6. a4 Qc7 7. Be2 Nf6 8. 0-0 Be7 9. Be3 0-0 10. Kh1 d5 11. exd5 exd5 12. Bf3 Rd8 13. Re1 Nxd4 14. Bxd4 Be6 15. a5 Qc6 16. Na4 Bb4 17. c3 Bxa5 18. Bxf6 gxf6 19. Qd4 Kg7 20. Nc5 Bb6 21. Nxe6+ fxe6 22. Qg4+ Kf7 23. c4 Rd7 24. cxd5 exd5 25. Qh5+ Kf8 26. Rac1 Qd6 27. Bg4 Re7 28. Rxe7 Qxe7 29. Qxd5 Bxf2 30. Qf3 Bd4 31. Qb3 Re8 32. h3 Be5 33. Bf3 Bf4 34. Rf1 Qe1 35. Qa3+ Kg7 36. Qd3 Qg3 37. Qd7+ Kf8 0-1

[Event "Primorie-ch U20 op"]
[Site "Vladivostok"]
[Date "2009.09.23"]
[Round "1"]
[White "Ivanova, Mariya"]
[Black "Kopaev, Pavel"]
[Result "0-1"]
[WhiteElo "1778"]
[BlackElo "2123"]
[PlyCount "94"]
[EventDate "2009.09.23"]
[EventType "swiss"]
[EventRounds "9"]
[EventCountry "RUS"]
[SourceTitle "EXT 2022"]
[Source "ChessBase"]
[SourceDate "2021.10.06"]
[SourceVersion "1"]
[SourceVersionDate "2021.10.06"]
[SourceQuality "1"]

1. d4 d5 2. Nf3 Nf6 3. Bf4 e6 4. e3 Bd6 5. Bd3 Bxf4 6. exf4 Nc6 7. c3 Nh5 8. g3 Nf6 9. 0-0 0-0 10. Ne5 Ne4 11. Nd2 f5 12. f3 Nd6 13. Nb3 Nxe5 14. fxe5 Nc4 15. Qe2 b5 16. a4 bxa4 17. Rxa4 Bd7 18. Ra2 Nb6 19. Rfa1 Nc8 20. Nc5 Qe7 21. Ba6 Bc6 22. Bxc8 Raxc8 23. Rxa7 Rb8 24. R1a6 Bb5 25. Rxe6 Qxe6 26. Nxe6 Bxe2 27. Nxf8 Kxf8 28. Rxc7 Bxf3 29. b4 Be2 30. Ra7 Rc8 31. Ra3 Rc7 32. Kf2 Bc4 33. Ke3 g5 34. Kf3 Ke7 35. Ke3 Kd7 36. Kf3 Kc6 37. Ra5 Kb6 38. Ke3 Rf7 39. Ra1 f4+ 40. gxf4 gxf4+ 41. Kf3 Bd3 42. Re1 Be4+ 43. Kf2 Kb5 44. Rc1 Kc4 45. Ke2 Rg7 46. Kf2 Rg2+ 47. Kf1 Rxh2 0-1

[Event "Vladivostok City at Sea-B op"]
[Site "Vladivostok"]
[Date "2009.07.30"]
[Round "6"]
[White "Shershnev, Anatoliy"]
[Black "Kopaev, Pavel"]
[Result "0-1"]
[WhiteElo "2030"]
[BlackElo "2131"]
[PlyCount "112"]
[EventDate "2009.07.24"]
[EventType "swiss"]
[EventRounds "9"]
[EventCountry "RUS"]
[SourceTitle "EXT 2022"]
[Source "ChessBase"]
[SourceDate "2021.10.06"]
[SourceVersion "1"]
[SourceVersionDate "2021.10.06"]
[SourceQuality "1"]

1. d4 d5 2. g3 Nf6 3. Bg2 c6 4. Nf3 e6 5. 0-0 Bd6 6. Nc3 0-0 7. Re1 Nbd7 8. e4 Nxe4 9. Nxe4 dxe4 10. Rxe4 Nf6 11. Re1 Re8 12. Ne5 c5 13. c3 cxd4 14. cxd4 Bb4 15. Re2 Nd5 16. a3 Ba5 17. Qa4 a6 18. Be3 f6 19. Nd3 Bd7 20. Qb3 Bc6 21. Rc1 Rc8 22. Rec2 Qe7 23. Nc5 Nxe3 24. fxe3 Bxg2 25. Kxg2 b6 26. Nxe6 Rxc2+ 27. Qxc2 Qxe6 28. b4 Qxe3 29. Qc4+ Kh8 30. bxa5 Qe4+ 31. Kf2 b5 32. Qc3 h6 33. Re1 Qf5+ 34. Kg1 Rc8 35. Qe3 Qd5 36. g4 Rd8 37. Rd1 Kg8 38. h3 Rc8 39. Re1 Rd8 40. Rd1 Kf7 41. h4 Re8 42. Qg3 Re4 43. Qc7+ Re7 44. Qf4 Qe4 45. Qg3 Qe3+ 46. Qf2 Ke8 47. h5 Re4 48. Qxe3 Rxe3 49. a4 b4 50. Rb1 b3 51. Kf2 Rd3 52. d5 Kd7 53. Ke2 Rg3 54. Kf2 Rc3 55. Ke2 Kd6 56. Kd2 Rg3 0-1

[Event "Vladivostok City at Sea-B op"]
[Site "Vladivostok"]
[Date "2009.07.28"]
[Round "4"]
[White "Rychkov, Oleg"]
[Black "Kopaev, Pavel"]
[Result "1-0"]
[WhiteElo "2048"]
[BlackElo "2131"]
[PlyCount "59"]
[EventDate "2009.07.24"]
[EventType "swiss"]
[EventRounds "9"]
[EventCountry "RUS"]
[SourceTitle "EXT 2022"]
[Source "ChessBase"]
[SourceDate "2021.10.06"]
[SourceVersion "1"]
[SourceVersionDate "2021.10.06"]
[SourceQuality "1"]

1. d4 d5 2. c4 c6 3. cxd5 cxd5 4. Nc3 e6 5. Bf4 Bd6 6. Bxd6 Qxd6 7. e3 Nf6 8. Bd3 Nc6 9. Nf3 a6 10. a3 Bd7 11. 0-0 0-0 12. Na4 Ne4 13. b4 b5 14. Nc5 f5 15. Nd2 Qe7 16. f4 Nxc5 17. bxc5 Rab8 18. Nf3 Na5 19. Ne5 Rfc8 20. a4 Nc4 21. Qe2 bxa4 22. Bxc4 dxc4 23. Nxc4 Bb5 24. Qa2 Bxc4 25. Qxc4 Rb2 26. Rf2 Rcb8 27. Rxb2 Rxb2 28. Qxa4 h6 29. Qxa6 Qh4 30. Qxe6+ 1-0

[Event "Vladivostok-ch op"]
[Site "Vladivostok"]
[Date "2008.12.03"]
[Round "9"]
[White "Chubukin, Alexander"]
[Black "Kopaev, Pavel"]
[Result "1-0"]
[WhiteElo "2188"]
[BlackElo "2141"]
[PlyCount "47"]
[EventDate "2008.11.25"]
[EventType "swiss"]
[EventRounds "9"]
[EventCountry "RUS"]
[SourceTitle "EXT 2022"]
[Source "ChessBase"]
[SourceDate "2021.10.06"]
[SourceVersion "1"]
[SourceVersionDate "2021.10.06"]
[SourceQuality "1"]

1. e4 e5 2. f4 exf4 3. Nf3 d5 4. exd5 Qxd5 5. Nc3 Qd8 6. d4 Bd6 7. Bc4 Nf6 8. 0-0 0-0 9. Ne5 Nbd7 10. Bxf4 Nxe5 11. Bxe5 Ng4 12. Qe2 Bxe5 13. dxe5 Qd4+ 14. Kh1 Nxe5 15. Bb3 Bg4 16. Qe1 Rae8 17. Qg3 Be6 18. Ba4 c6 19. Rad1 Qb6 20. Qxe5 Bg4 21. Qf4 Bxd1 22. Rxd1 Re6 23. Bb3 Rf6 24. Qc4 1-0

[Event "Vladivostok-ch op"]
[Site "Vladivostok"]
[Date "2008.12.02"]
[Round "8"]
[White "Kopaev, Pavel"]
[Black "Habarov, Sergey"]
[Result "1/2-1/2"]
[WhiteElo "2141"]
[BlackElo "2116"]
[PlyCount "70"]
[EventDate "2008.11.25"]
[EventType "swiss"]
[EventRounds "9"]
[EventCountry "RUS"]
[SourceTitle "EXT 2022"]
[Source "ChessBase"]
[SourceDate "2021.10.06"]
[SourceVersion "1"]
[SourceVersionDate "2021.10.06"]
[SourceQuality "1"]

1. e4 c5 2. Nf3 e6 3. d4 cxd4 4. Nxd4 a6 5. Nc3 Qc7 6. Be2 Nf6 7. 0-0 d6 8. Be3 Bd7 9. f4 Nc6 10. Nb3 Be7 11. g4 Bc8 12. a3 Nd7 13. Bd3 b6 14. Qe1 Nc5 15. Nd4 Bb7 16. Nxc6 Bxc6 17. Bd4 e5 18. Be3 exf4 19. Bxf4 Bf6 20. Nd5 Bxd5 21. exd5+ Be5 22. Qg3 Nxd3 23. Qxd3 Bxf4 24. Rxf4 0-0 25. Raf1 b5 26. g5 Rae8 27. Rh4 g6 28. Re4 Qd8 29. h4 Rxe4 30. Qxe4 Re8 31. Qf4 Qe7 32. b3 Qe3+ 33. Qxe3 Rxe3 34. Rf6 Re1+ 35. Kg2 Rc1 1/2-1/2

[Event "Vladivostok op 03"]
[Site "Vladivostok"]
[Date "2008.03.24"]
[Round "5"]
[White "Kovalkova, Nadezhda"]
[Black "Kopaev, Pavel"]
[Result "0-1"]
[WhiteElo "1880"]
[BlackElo "2146"]
[PlyCount "78"]
[EventDate "2008.03.22"]
[EventType "swiss"]
[EventRounds "9"]
[EventCountry "RUS"]
[SourceTitle "EXT 2022"]
[Source "ChessBase"]
[SourceDate "2021.10.06"]
[SourceVersion "1"]
[SourceVersionDate "2021.10.06"]
[SourceQuality "1"]

1. c4 c5 2. Nf3 Nc6 3. g3 Nf6 4. Bg2 g6 5. 0-0 Bg7 6. Nc3 0-0 7. d3 d6 8. Bd2 h6 9. Qc1 Kh7 10. Rb1 Be6 11. a3 a5 12. Nb5 Qd7 13. Re1 Bh3 14. Bh1 Bg4 15. Qc2 e5 16. b4 axb4 17. axb4 Ne8 18. Qb3 b6 19. Nc3 Bxf3 20. Bxf3 Nd4 21. Qd1 Nxf3+ 22. exf3 Nc7 23. Qc2 Qf5 24. f4 exf4 25. Bxf4 Ne6 26. Be3 Ra3 27. Ne4 Be5 28. Red1 Rfa8 29. bxc5 bxc5 30. Rb6 Ra2 31. Qc1 Nd4 32. Nc3 Rc2 33. Qb1 Rxc3 34. f4 Bg7 35. Kg2 Rc2+ 36. Rd2 Rxd2+ 37. Bxd2 Qg4 38. Qf1 Ra2 39. Qf2 Qd1 0-1

[Event "Vladivostok op 03"]
[Site "Vladivostok"]
[Date "2008.03.23"]
[Round "3"]
[White "Petrov, Ivan2"]
[Black "Kopaev, Pavel"]
[Result "1-0"]
[WhiteElo "2187"]
[BlackElo "2146"]
[PlyCount "101"]
[EventDate "2008.03.22"]
[EventType "swiss"]
[EventRounds "9"]
[EventCountry "RUS"]
[SourceTitle "EXT 2022"]
[Source "ChessBase"]
[SourceDate "2021.10.06"]
[SourceVersion "1"]
[SourceVersionDate "2021.10.06"]
[SourceQuality "1"]

1. e4 e5 2. Nc3 Nc6 3. Nf3 Nf6 4. d4 exd4 5. Nxd4 Nxd4 6. Qxd4 d6 7. f3 Be7 8. Be3 Bd7 9. 0-0-0 a6 10. g4 c5 11. Qd2 0-0 12. Bf4 Ne8 13. Nd5 Bf6 14. Nxf6+ Qxf6 15. Bg2 Qe6 16. Kb1 Bc6 17. h4 Rd8 18. g5 d5 19. Qa5 Qe7 20. exd5 Rxd5 21. Rxd5 Bxd5 22. Re1 Be6 23. Be3 Nd6 24. Bxc5 b6 25. Bxb6 Nc4 26. Bc5 Nxa5 27. Bxe7 Re8 28. Bb4 Nc4 29. Bh3 Rb8 30. Bxe6 fxe6 31. Bc3 Kf7 32. Rd1 Rb7 33. Rd4 Ne3 34. Rd6 Nf5 35. Rxa6 Nxh4 36. Ra4 Nf5 37. Be5 Kg6 38. f4 h5 39. gxh6 gxh6 40. Ra6 Kf7 41. c4 Rb4 42. c5 Rc4 43. c6 h5 44. c7 Ne7 45. Ra8 h4 46. Rh8 Kg6 47. Rxh4 Kf5 48. Rh8 Kg6 49. Bd6 Rc6 50. Bxe7 Rxc7 51. Bd6 1-0

[Event "DV FR-chT"]
[Site "Vladivostok"]
[Date "2007.10.04"]
[Round "6"]
[White "Sharov, Denis"]
[Black "Kopaev, Pavel"]
[Result "1-0"]
[WhiteElo "2277"]
[BlackElo "2092"]
[PlyCount "95"]
[EventDate "2007.09.29"]
[EventType "team-tourn"]
[EventRounds "7"]
[EventCountry "RUS"]
[SourceTitle "EXT 2022"]
[Source "ChessBase"]
[SourceDate "2021.10.06"]
[SourceVersion "1"]
[SourceVersionDate "2021.10.06"]
[SourceQuality "1"]

1. e4 c5 2. Ne2 Nc6 3. c4 d6 4. d3 g6 5. Nbc3 Bg7 6. f4 f5 7. g3 Bd7 8. Bg2 Nh6 9. Rb1 0-0 10. 0-0 Rb8 11. a3 a6 12. b4 cxb4 13. axb4 Nd4 14. e5 Nxe2+ 15. Nxe2 Bc6 16. d4 Bxg2 17. Kxg2 Qc7 18. Qd3 Rbc8 19. c5 d5 20. Nc3 e6 21. b5 Ra8 22. Ba3 Rfe8 23. bxa6 bxa6 24. Rb6 Qa7 25. Rfb1 Qd7 26. Rd6 Qc7 27. Rbb6 Bf8 28. Rxe6 Rxe6 29. Rxe6 Qa5 30. Nxd5 Qe1 31. Nf6+ Kg7 32. Rb6 Ra7 33. Rb1 Qa5 34. Rb4 Ng4 35. Nxg4 fxg4 36. Qb3 Rd7 37. e6 Re7 38. Bb2 Kh6 39. Bc3 Qc7 40. Rb8 Rxe6 41. Qxe6 Qxb8 42. Qxg4 Qb3 43. Qg5+ Kg7 44. Qe5+ Kh6 45. d5 Qc2+ 46. Kh3 Qf5+ 47. Qxf5 gxf5 48. c6 1-0

[Event "Vladivostok-ch op"]
[Site "Vladivostok"]
[Date "2007.10.??"]
[Round "6"]
[White "Feigin, Semen"]
[Black "Kopaev, Pavel"]
[Result "0-1"]
[WhiteElo "2117"]
[BlackElo "2092"]
[PlyCount "46"]
[EventDate "2007.10.20"]
[EventType "swiss"]
[EventRounds "9"]
[EventCountry "RUS"]
[SourceTitle "EXT 2022"]
[Source "ChessBase"]
[SourceDate "2021.10.06"]
[SourceVersion "1"]
[SourceVersionDate "2021.10.06"]
[SourceQuality "1"]

1. e4 c5 2. Nf3 Nc6 3. d4 cxd4 4. Nxd4 d6 5. c4 Nf6 6. Nc3 e6 7. Be3 Be7 8. Be2 0-0 9. 0-0 d5 10. cxd5 exd5 11. exd5 Nxd5 12. Nxd5 Qxd5 13. Bf3 Qd7 14. Nxc6 bxc6 15. Rc1 Qf5 16. Bxc6 Rb8 17. b3 Ba6 18. Bxa7 Rbd8 19. Qe1 Ba3 20. Rd1 Bxf1 21. Qxf1 Rxd1 22. Qxd1 Rc8 23. g4 Qf6 0-1

[Event "Vladivostok-ch op"]
[Site "Vladivostok"]
[Date "2007.10.??"]
[Round "8"]
[White "Kopaev, Pavel"]
[Black "Tanashkin, Alexey"]
[Result "1-0"]
[WhiteElo "2092"]
[BlackElo "2187"]
[PlyCount "83"]
[EventDate "2007.10.20"]
[EventType "swiss"]
[EventRounds "9"]
[EventCountry "RUS"]
[SourceTitle "EXT 2022"]
[Source "ChessBase"]
[SourceDate "2021.10.06"]
[SourceVersion "1"]
[SourceVersionDate "2021.10.06"]
[SourceQuality "1"]

1. e4 d6 2. d4 Nf6 3. Nc3 g6 4. Nf3 Bg7 5. Bg5 0-0 6. Qd2 Bg4 7. Be2 Nc6 8. 0-0 Bxf3 9. Bxf3 Nd7 10. Ne2 Qe8 11. c3 e5 12. d5 Ne7 13. Ng3 f5 14. exf5 Nxf5 15. Ne4 h6 16. Be3 a6 17. c4 Nxe3 18. Qxe3 Nf6 19. b4 Qd7 20. Rfd1 Ng4 21. Qe2 Rf4 22. g3 Rxf3 23. Qxf3 Rf8 24. Qe2 Qf5 25. h3 Nf6 26. Nxf6+ Rxf6 27. Kg2 h5 28. Rac1 Rf7 29. c5 Bf6 30. cxd6 cxd6 31. Qc2 Qg5 32. h4 Qh6 33. Qc8+ Kh7 34. Rc7 Qg7 35. Rdc1 Kh6 36. Qxb7 Be7 37. Qxa6 e4 38. Qe2 Qe5 39. Re1 Qd4 40. Qe3+ Qxe3 41. Rxe3 Kg7 42. Rxe4 1-0